000 00581nam a2200193Ia 4500
003 GCL
008 140319s9999 xx 000 0 ara d
040 _aGCL /
_cGCL
082 0 4 _a811.9
_bر د
100 1 _aالرصافى , معروف
245 1 0 _aديوان الرصافى: المجموعه الكاملة /
_cالرصافى , معروف
260 _a[S.N] :
_bدار مكتبة الحياة
300 _a575 ص
490 _a
650 0 4 _aالشعر العربى
650 0 4 _aالشعر الاجتماعى
650 0 4 _aدواوين وقصائد
942 _2ddc
_cBK
999 _c44656
_d44656